Loading...
| History - World History | 1 | 1 | 0 | 1 | 25 | 75 | 103.00 | 2 | 2 |
| Literature - European Literature | 0 | 2 | 0 | 2 | 20 | 148 | 152.50 | 0 | 2 |
| History - Ancient History | 0 | 1 | 0 | 0 | 10 | 94 | 94.00 | 0 | 1 |
| History - European History | 0 | 1 | 0 | 1 | 10 | 135 | 135.00 | 0 | 1 |
| Religion | 0 | 1 | 0 | 0 | 10 | 76 | 76.00 | 0 | 1 |
| Literature - World Literature | 0 | 1 | 1 | 0 | 5 | 109 | 109.00 | 0 | 1 |
| Literature - British Literature | 0 | 0 | 0 | 0 | 0 | 0.00 | 0 | 0 | |
| Literature - American Literature | 0 | 0 | 1 | 0 | -5 | 0.00 | 0 | 0 | |
| Philosophy | 0 | 0 | 1 | 0 | -5 | 0.00 | 0 | 0 | |
| Geography | 0 | 0 | 2 | 0 | -10 | 0.00 | 0 | 0 | |
| Fine Arts - Visual Fine Arts | 0 | 0 | 2 | 0 | -10 | 0.00 | 0 | 0 |